[Event "Wch Seniors (Women) 31st"]
[Site "Terassini"]
[Date "2023.11.02"]
[Round "8"]
[White "Klinova, Masha"]
[Black "Folkova, Martina"]
[Result "1/2-1/2"]
[WhiteElo "2249"]
[BlackElo "2022"]
[PlyCount "44"]
[EventDate "2023.10.25"]
[EventType "swiss"]
[EventRounds "11"]
[EventCountry "ITA"]
[SourceTitle "Mega2024 Update 01"]
[Source "Chessbase"]
[SourceDate "2023.11.12"]
[SourceVersion "1"]
[SourceVersionDate "2023.11.12"]
[SourceQuality "1"]

1. e4 e5 2. Nf3 Nc6 3. Bc4 Bc5 4. c3 Nf6 5. d3 a6 6. Bb3 Ba7 7. 0-0 0-0 8. Nbd2 d6 9. Nc4 Be6 10. Bg5 h6 11. Bh4 g5 12. Bg3 Ne7 13. Ne3 Ng6 14. Bc2 Nh5 15. d4 g4 16. Ne1 Qg5 17. Nf5 Ng7 18. f3 Nxf5 19. exf5 Bxf5 20. Bxf5 Qxf5 21. fxg4 Qe6 22. Nc2 f5 1/2-1/2

[Event "Wch Seniors (Women) 31st"]
[Site "Terassini"]
[Date "2023.10.28"]
[Round "4"]
[White "Folkova, Martina"]
[Black "Calzetta Ruiz, Monica"]
[Result "0-1"]
[WhiteElo "2022"]
[BlackElo "2239"]
[PlyCount "54"]
[EventDate "2023.10.25"]
[EventType "swiss"]
[EventRounds "11"]
[EventCountry "ITA"]
[SourceTitle "Mega2024 Update 01"]
[Source "Chessbase"]
[SourceDate "2023.11.12"]
[SourceVersion "1"]
[SourceVersionDate "2023.11.12"]
[SourceQuality "1"]

1. e4 e5 2. Nf3 Nc6 3. Bc4 Nf6 4. Ng5 d5 5. exd5 Na5 6. Bb5+ c6 7. dxc6 bxc6 8. Bf1 h6 9. Nf3 e4 10. Ng1 Bc5 11. Nc3 Bg4 12. f3 exf3 13. Nxf3 0-0 14. Be2 Bxf3 15. Bxf3 Re8+ 16. Ne2 Qd4 17. Rf1 Qh4+ 18. g3 Qxh2 19. d4 Qxg3+ 20. Kd2 Qg5+ 21. Kc3 Nd5+ 22. Bxd5 Qxd5 23. b3 Rxe2 24. dxc5 Qe5+ 25. Kb4 Rb8+ 26. Ka3 Nc4+ 27. Ka4 Qxc5 0-1

[Event "Wch Seniors (Women) 31st"]
[Site "Terassini"]
[Date "2023.10.27"]
[Round "3"]
[White "Strutinskaya, Galina N"]
[Black "Folkova, Martina"]
[Result "1-0"]
[WhiteElo "2114"]
[BlackElo "2022"]
[PlyCount "77"]
[EventDate "2023.10.25"]
[EventType "swiss"]
[EventRounds "11"]
[EventCountry "ITA"]
[SourceTitle "Mega2024 Update 01"]
[Source "Chessbase"]
[SourceDate "2023.11.12"]
[SourceVersion "1"]
[SourceVersionDate "2023.11.12"]
[SourceQuality "1"]

1. c4 e6 2. g3 d5 3. Bg2 dxc4 4. Qa4+ Nd7 5. Qxc4 c5 6. Nf3 a6 7. Qc2 Ngf6 8. 0-0 g6 9. b3 Bg7 10. Bb2 0-0 11. a4 Re8 12. Na3 e5 13. d3 Qe7 14. Nd2 h5 15. Nac4 h4 16. Rfc1 hxg3 17. hxg3 Rb8 18. a5 Bh6 19. e3 Ng4 20. Ne4 f5 21. Ned6 Rf8 22. f4 Kh7 23. Re1 Bg7 24. Bf3 Ndf6 25. Nxc8 Rbxc8 26. Nxe5 Rh8 27. Kg2 Nxe5 28. Bxe5 Nh5 29. Qc3 Bxe5 30. Qxe5 Qxe5 31. fxe5 Rc7 32. Rac1 Re8 33. d4 Ree7 34. Rc4 Ng7 35. Rh1+ Kg8 36. Rhc1 Kf8 37. b4 Ne6 38. d5 cxb4 39. d6 1-0

[Event "Klatovy op-A 29th"]
[Site "Klatovy"]
[Date "2023.07.06"]
[Round "6"]
[White "Flajsman, Petr"]
[Black "Folkova, Martina"]
[Result "1/2-1/2"]
[WhiteElo "1956"]
[BlackElo "2030"]
[PlyCount "46"]
[EventDate "2023.07.01"]
[EventType "swiss"]
[EventRounds "9"]
[EventCountry "CZE"]
[SourceTitle "CBM 215 Extra"]
[Source "ChessBase"]
[SourceDate "2023.09.30"]
[SourceVersion "1"]
[SourceVersionDate "2023.09.30"]
[SourceQuality "1"]

1. d4 d5 2. Bf4 e6 3. e3 Bd6 4. Nf3 Bxf4 5. exf4 Qd6 6. Qd2 b6 7. Bb5+ c6 8. Bd3 a5 9. 0-0 Ba6 10. g3 Ne7 11. c3 Bxd3 12. Qxd3 Nd7 13. Ne5 0-0 14. Nd2 Rfc8 15. Rfe1 Nf8 16. Re2 c5 17. Ndf3 c4 18. Qc2 f6 19. Ng4 b5 20. Rae1 b4 21. h4 Rcb8 22. h5 h6 23. Nh4 f5 1/2-1/2

[Event "Klatovy op-A 29th"]
[Site "Klatovy"]
[Date "2023.07.02"]
[Round "2"]
[White "Vana, Jan1111"]
[Black "Folkova, Martina"]
[Result "0-1"]
[WhiteElo "1890"]
[BlackElo "2030"]
[PlyCount "70"]
[EventDate "2023.07.01"]
[EventType "swiss"]
[EventRounds "9"]
[EventCountry "CZE"]
[SourceTitle "CBM 215 Extra"]
[Source "ChessBase"]
[SourceDate "2023.09.30"]
[SourceVersion "1"]
[SourceVersionDate "2023.09.30"]
[SourceQuality "1"]

1. d4 d5 2. c4 e6 3. Nc3 Nf6 4. Bg5 Be7 5. Nf3 Nbd7 6. e3 c6 7. Bd3 dxc4 8. Bxc4 b5 9. Bd3 Bb7 10. 0-0 a6 11. Rc1 Rc8 12. Re1 c5 13. e4 cxd4 14. Nxd4 b4 15. e5 bxc3 16. exf6 Nxf6 17. bxc3 Qd5 18. Qf3 Qxf3 19. Nxf3 h6 20. Bh4 Nd7 21. Bxe7 Kxe7 22. Nd4 Kf6 23. Bf1 Rhd8 24. Rb1 Nc5 25. Rb6 Rc7 26. Reb1 Be4 27. R1b4 a5 28. Rc4 Bd5 29. Nc6 Bxc4 30. Nxd8 Bd5 31. Bb5 Nd7 32. Rd6 Ne5 33. f4 Ng4 34. Rd7 Rxd7 35. Bxd7 Ke7 0-1

[Event "Klatovy op-A 29th"]
[Site "Klatovy"]
[Date "2023.07.01"]
[Round "1"]
[White "Folkova, Martina"]
[Black "Honcharov, Makar"]
[Result "0-1"]
[WhiteElo "2030"]
[BlackElo "1696"]
[PlyCount "84"]
[EventDate "2023.07.01"]
[EventType "swiss"]
[EventRounds "9"]
[EventCountry "CZE"]
[SourceTitle "CBM 215 Extra"]
[Source "ChessBase"]
[SourceDate "2023.09.30"]
[SourceVersion "1"]
[SourceVersionDate "2023.09.30"]
[SourceQuality "1"]

1. e4 c5 2. Nf3 d6 3. d4 cxd4 4. Nxd4 Nf6 5. Nc3 a6 6. Bg5 Nbd7 7. Qd2 h6 8. Bh4 b5 9. a3 Bb7 10. Bd3 e6 11. 0-0 Be7 12. f4 Qc7 13. Nf3 Rc8 14. Kh1 Nb6 15. Rae1 0-0 16. e5 dxe5 17. fxe5 Nfd5 18. Bxe7 Qxe7 19. Ne4 Nc4 20. Bxc4 bxc4 21. Nd6 Rc7 22. Qd4 c3 23. b4 f5 24. Rb1 f4 25. Ne1 Qg5 26. Nxb7 Rxb7 27. Rf2 Qf5 28. Nd3 g5 29. Nc5 Rg7 30. Nxa6 g4 31. g3 Qh5 32. Rbf1 Ne3 33. Qxc3 Nxf1 34. Rxf1 Qh3 35. Kg1 f3 36. Qd2 Rd7 37. Qf2 Rfd8 38. Nc5 Rd2 39. Nd3 Rxf2 40. Rxf2 Qh5 41. a4 Rxd3 42. cxd3 Qxe5 0-1

[Event "EU-ch Seniors 50 22nd"]
[Site "Acqui Terme"]
[Date "2023.05.30"]
[Round "5"]
[White "Cazzaniga, Walter"]
[Black "Folkova, Martina"]
[Result "1-0"]
[WhiteElo "1970"]
[BlackElo "2049"]
[PlyCount "117"]
[EventDate "2023.05.26"]
[EventType "swiss"]
[EventRounds "9"]
[EventCountry "ITA"]
[SourceTitle "CBM 214 Extra"]
[Source "ChessBase"]
[SourceDate "2023.07.31"]
[SourceVersion "1"]
[SourceVersionDate "2023.07.31"]
[SourceQuality "1"]

1. d4 d5 2. c4 e6 3. Nc3 c6 4. e4 Bb4 5. cxd5 exd5 6. e5 Ne7 7. Bd3 c5 8. Nge2 cxd4 9. Nxd4 Nbc6 10. Nxc6 bxc6 11. 0-0 a5 12. Bg5 Bxc3 13. bxc3 Ba6 14. Bxa6 Rxa6 15. Qe2 Qc8 16. Bxe7 Kxe7 17. f4 Re8 18. Qh5 c5 19. Qxh7 Rh8 20. Qd3 Rd8 21. f5 Rh6 22. Rab1 Qc7 23. Qg3 Kf8 24. Rbe1 Re8 25. Qf4 Kg8 26. Rf3 d4 27. cxd4 cxd4 28. Qxd4 Rd8 29. Qe3 Rh4 30. g3 Rhd4 31. e6 Qe7 32. exf7+ Qxf7 33. Qe6 Rd2 34. Rf2 Rxf2 35. Kxf2 Rd5 36. Qxf7+ Kxf7 37. g4 Rd3 38. Re3 Rd2+ 39. Re2 Rd3 40. Kg2 a4 41. h4 a3 42. Re6 Rd2+ 43. Kf3 Rxa2 44. Kf4 Rg2 45. Ra6 a2 46. Kg5 Rb2 47. Ra7+ Kf8 48. Kh5 Rf2 49. Kg6 Rf4 50. g5 Rxh4 51. Rxa2 Rf4 52. Ra8+ Ke7 53. Ra7+ Kf8 54. Rf7+ Ke8 55. Rxg7 Rf1 56. f6 Rf2 57. Ra7 Rf1 58. f7+ Kf8 59. Ra8+ 1-0

[Event "EU-ch Seniors 50 22nd"]
[Site "Acqui Terme"]
[Date "2023.05.28"]
[Round "3"]
[White "Hartmann, Wolfgang"]
[Black "Folkova, Martina"]
[Result "1-0"]
[WhiteElo "1944"]
[BlackElo "2049"]
[PlyCount "61"]
[EventDate "2023.05.26"]
[EventType "swiss"]
[EventRounds "9"]
[EventCountry "ITA"]
[SourceTitle "CBM 214 Extra"]
[Source "ChessBase"]
[SourceDate "2023.07.31"]
[SourceVersion "1"]
[SourceVersionDate "2023.07.31"]
[SourceQuality "1"]

1. c4 e6 2. e4 d5 3. exd5 exd5 4. d4 Nf6 5. Nc3 Be7 6. Bd3 dxc4 7. Bxc4 0-0 8. Nf3 Bg4 9. Be3 Nbd7 10. h3 Bh5 11. g4 Bg6 12. Nh4 Nb6 13. Bb3 Nfd5 14. Nxg6 hxg6 15. 0-0 c6 16. Qf3 Bd6 17. Kg2 Bc7 18. Rh1 a5 19. a3 a4 20. Ba2 Qd7 21. h4 f5 22. g5 f4 23. Bd2 Rae8 24. Rae1 Rd8 25. h5 Qf5 26. Ne4 gxh5 27. Qxh5 f3+ 28. Kf1 Rd7 29. Nf6+ Rxf6 30. Re8+ Rf8 31. Qh8+ 1-0

[Event "CZE-chT2A 2223"]
[Site "Czech Republic"]
[Date "2023.03.26"]
[Round "11.7"]
[White "Folkova, Martina"]
[Black "Husa, Daniel"]
[Result "0-1"]
[WhiteElo "2023"]
[BlackElo "1860"]
[PlyCount "62"]
[EventDate "2022.10.16"]
[EventType "team-tourn"]
[EventRounds "11"]
[EventCountry "CZE"]
[SourceTitle "EXT 2024"]
[Source "ChessBase"]
[SourceDate "2023.10.10"]
[SourceVersion "1"]
[SourceVersionDate "2023.10.10"]
[SourceQuality "1"]
[WhiteTeam "Line II"]
[BlackTeam "Unichess"]
[WhiteTeamCountry "CZE"]
[BlackTeamCountry "CZE"]

1. e4 c5 2. Nf3 e6 3. d4 cxd4 4. Nxd4 Nf6 5. Nc3 Nc6 6. Ndb5 Bb4 7. a3 Bxc3+ 8. Nxc3 d5 9. exd5 exd5 10. Bg5 0-0 11. Be2 Re8 12. 0-0 d4 13. Nb1 Bf5 14. Nd2 Bxc2 15. Qxc2 Rxe2 16. Qd3 Re6 17. Nb3 Qd5 18. Bh4 Ne5 19. Qd1 d3 20. Rc1 Rb6 21. Nc5 Rc6 22. b4 Rac8 23. f4 Nc4 24. Bxf6 Ne3 25. Qf3 Qxf3 26. Rxf3 d2 27. Rb1 d1Q+ 28. Rxd1 Nxd1 29. Ba1 b6 30. Rd3 bxc5 31. bxc5 Rxc5 0-1

[Event "Plzen op 11th"]
[Site "Plzen"]
[Date "2023.03.08"]
[Round "6"]
[White "Gil, Arthur"]
[Black "Folkova, Martina"]
[Result "0-1"]
[WhiteElo "1956"]
[BlackElo "2044"]
[PlyCount "102"]
[EventDate "2023.03.04"]
[EventType "swiss"]
[EventRounds "9"]
[EventCountry "CZE"]
[SourceTitle "CBM 213 Extra"]
[Source "ChessBase"]
[SourceDate "2023.05.31"]
[SourceVersion "1"]
[SourceVersionDate "2023.05.31"]
[SourceQuality "1"]

1. e4 e5 2. Nf3 Nc6 3. d4 exd4 4. Nxd4 Qf6 5. Be3 Bc5 6. Nb5 Bxe3 7. fxe3 Qh4+ 8. g3 Qd8 9. Qg4 Kf8 10. Qf4 d6 11. Bc4 Ne5 12. 0-0 Nf6 13. Bb3 Bh3 14. Rf2 Bg4 15. N1c3 a6 16. Nd4 c5 17. Bd5 cxd4 18. exd4 Ng6 19. Qd2 Qe7 20. Raf1 Bh3 21. Rxf6 gxf6 22. Qh6+ Kg8 23. Qxh3 Kg7 24. Qf5 h5 25. Bc4 Rae8 26. Bd3 Qe6 27. Qf2 h4 28. Nd5 hxg3 29. Qxg3 Rh3 30. Qg2 Reh8 31. Nf4 Qd7 32. Nxh3 Rxh3 33. Rf5 Rh6 34. c3 Qe6 35. Kh1 Qxa2 36. Rd5 Qa1+ 37. Bf1 Rh4 38. Rf5 Qe1 39. e5 dxe5 40. dxe5 fxe5 41. Qxb7 Rf4 42. Qxf7+ Kh6 43. Rxf4 exf4 44. Qc4 f3 45. Qxa6 Kg5 46. Qd3 Ne5 47. Qa6 Ng4 48. Qa5+ Kf4 49. Qb4+ Kg5 50. Qc5+ Kh4 51. Qc4 Qf2 0-1

[Event "Plzen op 11th"]
[Site "Plzen"]
[Date "2023.03.07"]
[Round "4"]
[White "Nagrocki, Marek"]
[Black "Folkova, Martina"]
[Result "1/2-1/2"]
[WhiteElo "1734"]
[BlackElo "2044"]
[PlyCount "29"]
[EventDate "2023.03.04"]
[EventType "swiss"]
[EventRounds "9"]
[EventCountry "CZE"]
[SourceTitle "CBM 213 Extra"]
[Source "ChessBase"]
[SourceDate "2023.05.31"]
[SourceVersion "1"]
[SourceVersionDate "2023.05.31"]
[SourceQuality "1"]

1. b3 e5 2. Bb2 Nc6 3. e3 Nf6 4. Bb5 Qe7 5. Ne2 a6 6. Bxc6 bxc6 7. f4 e4 8. c4 g6 9. 0-0 Bg7 10. Ng3 0-0 11. f5 Bb7 12. Nc3 d5 13. Nce2 Rad8 14. Qc2 Rd7 15. c5 1/2-1/2

[Event "Plzen op 11th"]
[Site "Plzen"]
[Date "2023.03.05"]
[Round "2"]
[White "Cote, Frederic"]
[Black "Folkova, Martina"]
[Result "0-1"]
[WhiteElo "1795"]
[BlackElo "2044"]
[PlyCount "114"]
[EventDate "2023.03.04"]
[EventType "swiss"]
[EventRounds "9"]
[EventCountry "CZE"]
[SourceTitle "CBM 213 Extra"]
[Source "ChessBase"]
[SourceDate "2023.05.31"]
[SourceVersion "1"]
[SourceVersionDate "2023.05.31"]
[SourceQuality "1"]

1. c4 e6 2. Nc3 d5 3. d4 Nf6 4. cxd5 exd5 5. Bg5 Be7 6. e3 Nbd7 7. Bd3 Nf8 8. Nge2 Ne6 9. Bh4 0-0 10. 0-0 g6 11. a3 a5 12. Bxf6 Bxf6 13. b4 axb4 14. axb4 Rxa1 15. Qxa1 c6 16. Qa2 Ng7 17. b5 Be7 18. Ra1 Bd6 19. bxc6 bxc6 20. Rc1 Nf5 21. Ng3 Ne7 22. Na4 h5 23. Ne2 h4 24. h3 Bb8 25. Nc5 Qd6 26. f4 Nf5 27. Bxf5 Bxf5 28. Qd2 Re8 29. Rc3 Ba7 30. Kf2 Rb8 31. Nc1 g5 32. N1d3 f6 33. Rb3 Rb5 34. Rxb5 cxb5 35. Qa5 Bxc5 36. dxc5 Qd7 37. Qa8+ Kg7 38. c6 Qc8 39. Qb7+ Kf8 40. Nb4 gxf4 41. Qxc8+ Bxc8 42. exf4 Ke7 43. Nxd5+ Kd6 44. Nxf6 Kxc6 45. g4 hxg3+ 46. Kxg3 Bf5 47. Kf3 b4 48. Ne4 Kd5 49. Nd2 Bxh3 50. Ke3 Bf5 51. Ke2 Kd4 52. Kd1 Kc3 53. Kc1 Bd3 54. Kd1 Kb2 55. Nf3 Be4 56. Ne5 Kc3 57. Kc1 b3 0-1

[Event "CZE-chT2A 2223"]
[Site "Czech Republic"]
[Date "2023.01.22"]
[Round "7.8"]
[White "Gregor, Alexandr"]
[Black "Folkova, Martina"]
[Result "1/2-1/2"]
[WhiteElo "1563"]
[BlackElo "2023"]
[PlyCount "88"]
[EventDate "2022.10.16"]
[EventType "team-tourn"]
[EventRounds "11"]
[EventCountry "CZE"]
[SourceTitle "EXT 2024"]
[Source "ChessBase"]
[SourceDate "2023.10.10"]
[SourceVersion "1"]
[SourceVersionDate "2023.10.10"]
[SourceQuality "1"]
[WhiteTeam "Budejovice II"]
[BlackTeam "Line II"]
[WhiteTeamCountry "CZE"]
[BlackTeamCountry "CZE"]

1. e4 e5 2. Nf3 Nc6 3. Bc4 Bc5 4. 0-0 Nf6 5. d4 Bxd4 6. Nxd4 Nxd4 7. c3 Ne6 8. Bxe6 fxe6 9. Bg5 Qe7 10. Kh1 h6 11. Bh4 g5 12. Bg3 d6 13. Nd2 Bd7 14. Qb3 Bc6 15. f3 a6 16. Rae1 Nh5 17. Bf2 Nf4 18. Qc2 Rg8 19. g3 Nh3 20. Be3 h5 21. Kg2 g4 22. Nc4 Qh7 23. Bc1 d5 24. Nxe5 dxe4 25. fxe4 Bb5 26. c4 Qg7 27. cxb5 Qxe5 28. bxa6 Rxa6 29. Qb3 Rb6 30. Qa4+ Ke7 31. b3 c5 32. Qa5 Ra6 33. Qd2 Rd8 34. Qc2 Rad6 35. Be3 b6 36. a4 Rd3 37. Qc4 Qb2+ 38. Kh1 Rd2 39. Bxc5+ bxc5 40. Qxc5+ R8d6 41. Qc7+ Rd7 42. Qc5+ R7d6 43. Qc7+ Rd7 44. Qc5+ R7d6 1/2-1/2

[Event "CZE-chT2A 2223"]
[Site "Czech Republic"]
[Date "2023.01.08"]
[Round "6.8"]
[White "Folkova, Martina"]
[Black "Janacek, Jaroslav"]
[Result "1-0"]
[WhiteElo "2023"]
[BlackElo "2016"]
[PlyCount "109"]
[EventDate "2022.10.16"]
[EventType "team-tourn"]
[EventRounds "11"]
[EventCountry "CZE"]
[SourceTitle "EXT 2024"]
[Source "ChessBase"]
[SourceDate "2023.10.10"]
[SourceVersion "1"]
[SourceVersionDate "2023.10.10"]
[SourceQuality "1"]
[WhiteTeam "Line II"]
[BlackTeam "Pribram"]
[WhiteTeamCountry "CZE"]
[BlackTeamCountry "CZE"]

1. e4 d6 2. d4 Nf6 3. Nc3 e5 4. Nf3 Nbd7 5. Bc4 Be7 6. 0-0 c6 7. a4 Qc7 8. Re1 h6 9. b3 Nf8 10. h3 a5 11. Bb2 Ng6 12. Qd2 Nh5 13. Ne2 0-0 14. Rad1 Re8 15. Ng3 Nxg3 16. fxg3 exd4 17. Bxd4 Ne5 18. Nxe5 dxe5 19. Qf2 Bb4 20. Rf1 Be6 21. Bxe6 Rxe6 22. Bb6 Qe7 23. Be3 Rf6 24. Qe2 Rxf1+ 25. Kxf1 Qf6+ 26. Kg1 Qe6 27. Qd3 Re8 28. c3 Ba3 29. Qd7 b5 30. Qxe6 Rxe6 31. Rd8+ Kh7 32. Bb6 bxa4 33. bxa4 c5 34. Rb8 c4 35. Bxa5 Bc5+ 36. Kh2 Rc6 37. Rb7 Kg6 38. Rc7 Rxc7 39. Bxc7 Kf6 40. a5 Ke6 41. g4 f6 42. a6 Ba7 43. Ba5 Kd7 44. Kg3 g6 45. Kf3 Ke6 46. Bb4 Kf7 47. Ba3 Ke8 48. Bc1 Kd7 49. Bxh6 g5 50. Bf8 Kc6 51. Be7 Kb6 52. Bxf6 Bb8 53. Bxg5 Kxa6 54. Be7 Bc7 55. g5 1-0

[Event "CZE-chT2A 2223"]
[Site "Czech Republic"]
[Date "2022.12.04"]
[Round "4.8"]
[White "Zajicek, Karel"]
[Black "Folkova, Martina"]
[Result "1/2-1/2"]
[WhiteElo "1913"]
[BlackElo "2023"]
[PlyCount "75"]
[EventDate "2022.10.16"]
[EventType "team-tourn"]
[EventRounds "11"]
[EventCountry "CZE"]
[SourceTitle "EXT 2024"]
[Source "ChessBase"]
[SourceDate "2023.10.10"]
[SourceVersion "1"]
[SourceVersionDate "2023.10.10"]
[SourceQuality "1"]
[WhiteTeam "Vysehrad II"]
[BlackTeam "Line II"]
[WhiteTeamCountry "CZE"]
[BlackTeamCountry "CZE"]

1. e4 e5 2. Nf3 Nc6 3. d4 exd4 4. Nxd4 Bc5 5. Nb3 Bb4+ 6. c3 Be7 7. Nd4 d6 8. Bb5 Bd7 9. 0-0 Nf6 10. Re1 0-0 11. Bg5 h6 12. Bh4 Re8 13. Nd2 a6 14. Bf1 Ne5 15. Bg3 c5 16. Nf5 Bf8 17. Nc4 Nxc4 18. Bxc4 d5 19. Bb3 c4 20. Bc2 dxe4 21. Nd6 Bg4 22. Qd4 Bxd6 23. Bxd6 Re6 24. Be5 Qxd4 25. Bxd4 Rae8 26. b3 cxb3 27. Bxb3 Rd6 28. h3 Bd7 29. Rad1 Bc6 30. Bc5 Rxd1 31. Rxd1 Nd7 32. Be3 Ne5 33. Rd6 Bb5 34. Rd4 Nd3 35. Bd5 Nc5 36. Rb4 b6 37. Bxc5 bxc5 38. Rxe4 1/2-1/2

[Event "EU-ch (Women) 22nd"]
[Site "Prague"]
[Date "2022.08.30"]
[Round "10"]
[White "Ibrahimova, Sabina Oqtay"]
[Black "Folkova, Martina"]
[Result "1-0"]
[WhiteElo "2146"]
[BlackElo "1991"]
[PlyCount "63"]
[EventDate "2022.08.20"]
[EventType "swiss"]
[EventRounds "11"]
[EventCountry "CZE"]
[SourceTitle "CBM 209 Extra"]
[Source "ChessBase"]
[SourceDate "2022.09.30"]
[SourceVersion "1"]
[SourceVersionDate "2022.09.30"]
[SourceQuality "1"]

1. e4 e5 2. Nf3 Nc6 3. Bb5 Nge7 4. 0-0 g6 5. c3 Bg7 6. d4 exd4 7. cxd4 d5 8. Bxc6+ bxc6 9. e5 c5 10. dxc5 0-0 11. Re1 Rb8 12. Nd4 h6 13. Nc3 c6 14. a3 Qc7 15. Bf4 g5 16. Bg3 Rxb2 17. Qc1 Rb7 18. f4 g4 19. Qc2 Qa5 20. Nce2 f6 21. e6 f5 22. Bf2 Qc7 23. Ra2 Qb8 24. Qc1 a5 25. Ng3 a4 26. Rae2 Rb3 27. Ngxf5 Nxf5 28. Nxf5 Rc3 29. Qd1 Qxf4 30. Ne7+ Kh7 31. Qb1+ Rf5 32. Qxf5+ 1-0

[Event "EU-ch (Women) 22nd"]
[Site "Prague"]
[Date "2022.08.29"]
[Round "9"]
[White "Folkova, Martina"]
[Black "Utiatskaja, Irina"]
[Result "1-0"]
[WhiteElo "1991"]
[BlackElo "2154"]
[PlyCount "55"]
[EventDate "2022.08.20"]
[EventType "swiss"]
[EventRounds "11"]
[EventCountry "CZE"]
[SourceTitle "CBM 209 Extra"]
[Source "ChessBase"]
[SourceDate "2022.09.30"]
[SourceVersion "1"]
[SourceVersionDate "2022.09.30"]
[SourceQuality "1"]

1. e4 e6 2. d4 d5 3. Nd2 h6 4. Bd3 c5 5. dxc5 Bxc5 6. Ngf3 Nf6 7. Qe2 0-0 8. 0-0 Nc6 9. c3 Bb6 10. h3 Bc7 11. Re1 Kh8 12. Bc2 e5 13. exd5 Nxd5 14. Nc4 Nf4 15. Bxf4 exf4 16. Rad1 Qf6 17. Nce5 Bb6 18. Nd7 Bxd7 19. Rxd7 Rab8 20. Qd3 g6 21. Rd6 Qg7 22. Bb3 g5 23. Qf5 Na5 24. Bd5 Nc6 25. Rd7 Kg8 26. Rd6 Qh7 27. Rg6+ Kh8 28. Qf6+ 1-0

[Event "EU-ch (Women) 22nd"]
[Site "Prague"]
[Date "2022.08.24"]
[Round "5"]
[White "Sankova, Stella"]
[Black "Folkova, Martina"]
[Result "1/2-1/2"]
[WhiteElo "2067"]
[BlackElo "1991"]
[PlyCount "102"]
[EventDate "2022.08.20"]
[EventType "swiss"]
[EventRounds "11"]
[EventCountry "CZE"]
[SourceTitle "CBM 209 Extra"]
[Source "ChessBase"]
[SourceDate "2022.09.30"]
[SourceVersion "1"]
[SourceVersionDate "2022.09.30"]
[SourceQuality "1"]

1. e4 e5 2. Nf3 Nc6 3. Bb5 a6 4. Ba4 Nf6 5. d3 b5 6. Bb3 Be7 7. g4 d6 8. g5 Nd7 9. c3 Na5 10. Bc2 c5 11. Be3 Nf8 12. Nbd2 Bg4 13. Rg1 Bh5 14. Qe2 Ne6 15. Qf1 d5 16. Qh3 g6 17. exd5 Qxd5 18. Qg3 Bxf3 19. Nxf3 Bd6 20. Qg4 0-0 21. Nd2 Nf4 22. Ne4 f5 23. gxf6 Rad8 24. h4 Kh8 25. Bxf4 exf4 26. Qg5 Be5 27. h5 Bxf6 28. Nxf6 Qxg5 29. Rxg5 Rxf6 30. Rxc5 Re6+ 31. Kf1 Rde8 32. hxg6 hxg6 33. b4 Nb7 34. Rc7 Nd8 35. Kg2 R6e7 36. Rh1+ Kg7 37. Rxe7+ Rxe7 38. Kf3 Rc7 39. Kxf4 Rxc3 40. Bb3 Rxd3 41. Rd1 Rxd1 42. Bxd1 Kf6 43. Ke4 Ke6 44. Bg4+ Kd6 45. Bc8 Nc6 46. a3 a5 47. bxa5 Nxa5 48. Kd4 Nc6+ 49. Ke4 b4 50. axb4 Nxb4 51. f3 Nc6 1/2-1/2

[Event "EU-ch (Women) 22nd"]
[Site "Prague"]
[Date "2022.08.22"]
[Round "3"]
[White "Gajcin, Marina"]
[Black "Folkova, Martina"]
[Result "1-0"]
[WhiteElo "2244"]
[BlackElo "1991"]
[PlyCount "101"]
[EventDate "2022.08.20"]
[EventType "swiss"]
[EventRounds "11"]
[EventCountry "CZE"]
[SourceTitle "CBM 209 Extra"]
[Source "ChessBase"]
[SourceDate "2022.09.30"]
[SourceVersion "1"]
[SourceVersionDate "2022.09.30"]
[SourceQuality "1"]

1. e4 e5 2. Nf3 Nc6 3. Bb5 Nge7 4. Nc3 Ng6 5. d4 exd4 6. Nxd4 Nxd4 7. Qxd4 c6 8. Be2 Qb6 9. Qd1 Be7 10. 0-0 0-0 11. Kh1 d6 12. f4 f5 13. Bd3 fxe4 14. Nxe4 d5 15. Ng3 Bd7 16. Bd2 Qc7 17. Qh5 Rf7 18. Rae1 Bf6 19. c3 Re8 20. Bxg6 hxg6 21. Qxg6 Rfe7 22. Nh5 Qd6 23. Nxg7 Rxg7 24. Rxe8+ Bxe8 25. Qxe8+ Qf8 26. Qxf8+ Kxf8 27. h3 Rd7 28. Be3 b6 29. g4 c5 30. Kg2 d4 31. cxd4 cxd4 32. Rd1 Ke8 33. Bf2 d3 34. b3 d2 35. Be3 Bc3 36. Kf2 Bb4 37. Ke2 Re7 38. Kf3 Rd7 39. h4 b5 40. h5 a5 41. g5 Kf7 42. a4 bxa4 43. bxa4 Ke6 44. Ke4 Bc3 45. f5+ Kf7 46. h6 Rd8 47. g6+ Kf6 48. Rg1 Re8+ 49. Kd3 Bb4 50. h7 Kxf5 51. g7 1-0

[Event "EU-ch (Women) 22nd"]
[Site "Prague"]
[Date "2022.08.21"]
[Round "2"]
[White "Folkova, Martina"]
[Black "Terbe, Zsuzsanna"]
[Result "1-0"]
[WhiteElo "1991"]
[BlackElo "2196"]
[PlyCount "77"]
[EventDate "2022.08.20"]
[EventType "swiss"]
[EventRounds "11"]
[EventCountry "CZE"]
[SourceTitle "CBM 209 Extra"]
[Source "ChessBase"]
[SourceDate "2022.09.30"]
[SourceVersion "1"]
[SourceVersionDate "2022.09.30"]
[SourceQuality "1"]

1. e4 e5 2. Nf3 Nc6 3. Bb5 a6 4. Ba4 Nf6 5. 0-0 Be7 6. Re1 b5 7. Bb3 d6 8. c3 0-0 9. h3 Nb8 10. d4 Nbd7 11. a4 Bb7 12. Nbd2 exd4 13. cxd4 c5 14. d5 Re8 15. Nf1 c4 16. Bc2 Nc5 17. Bd2 Nfd7 18. axb5 axb5 19. Rxa8 Qxa8 20. Nd4 Qa6 21. Bc3 Bf6 22. Ng3 g6 23. Ndf5 Bxc3 24. bxc3 Ne5 25. Qd2 Kh8 26. Qh6 Rg8 27. Ne7 Rg7 28. f4 Ned7 29. f5 Qb6 30. Kh2 Qd8 31. f6 Nxf6 32. Ngf5 Ne8 33. Nxg7 Nxg7 34. Qh4 Qc7 35. Qf6 Nd7 36. Qxf7 Qd8 37. Rf1 Nh5 38. Nc6 Qc8 39. Nd4 1-0

[Event "EU-ch (Women) 22nd"]
[Site "Prague"]
[Date "2022.08.20"]
[Round "1"]
[White "Mkrtchyan, Mariam"]
[Black "Folkova, Martina"]
[Result "1-0"]
[WhiteElo "2285"]
[BlackElo "1991"]
[PlyCount "55"]
[EventDate "2022.08.20"]
[EventType "swiss"]
[EventRounds "11"]
[EventCountry "CZE"]
[SourceTitle "CBM 209 Extra"]
[Source "ChessBase"]
[SourceDate "2022.09.30"]
[SourceVersion "1"]
[SourceVersionDate "2022.09.30"]
[SourceQuality "1"]

1. d4 d5 2. c4 e6 3. Nf3 c6 4. Nbd2 Nf6 5. g3 c5 6. Bg2 Nc6 7. 0-0 cxd4 8. cxd5 exd5 9. Nb3 Bf5 10. Nbxd4 Be4 11. Nxc6 bxc6 12. Qa4 Rc8 13. Bh3 Nd7 14. Qxa7 Rc7 15. Qd4 c5 16. Qa4 Bd6 17. Ng5 Bg6 18. Rd1 h6 19. Nf3 d4 20. Nxd4 cxd4 21. Qxd4 Bc5 22. Qxg7 Rh7 23. Qg8+ Bf8 24. Bf4 Qe7 25. Bxc7 Nf6 26. Rd8+ Qxd8 27. Qxf8+ Kxf8 28. Bxd8 1-0